[Event "Tournoi francophone 001E"]
[Site "Skype"]
[Date "????.??.??"]
[Round "1.1"]
[White "Bustos, Ricardo"]
[Black "Moumtaz, Abderrahim"]
[Result "0-1"]
[WhiteElo "1197"]
[BlackElo "1018"]
[PlyCount "54"]

1. d4 d5 2. c4 Nf6 3. Nc3 dxc4 4. e3 Be6 5. Qa4+ Nc6 6. Bxc4 Bxc4 7. Qxc4 e6 8.
Nf3 Bd6 9. a3 O-O 10. O-O Re8 11. b4 a6 12. Bb2 b5 13. Qxc6 h6 14. Na2 Nd5 15.
e4 Nf4 16. Qc2 e5 17. dxe5 Bxe5 18. Bxe5 Ne6 19. Rad1 Qe7 20. Qb2 f6 21. Bg3
Rad8 22. Nc3 Rxd1 23. Rxd1 Rd8 24. Qe2 Rd7 25. Nd5 Qd8 26. Bxc7 Nxc7 27. Nxc7
Rxd1+ 0-1

[Event "Tournoi francophone 001E"]
[Site "Skype"]
[Date "????.??.??"]
[Round "1.2"]
[White "Bouffard, Georges"]
[Black "Lemoine, Gerard"]
[Result "0-1"]
[WhiteElo "1000"]
[BlackElo "1178"]
[PlyCount "74"]

1. e4 e6 2. d4 d5 3. e5 c5 4. Nf3 Nc6 5. c3 Qb6 6. Be3 Qxb2 7. Qd2 Qxd2+ 8.
Nbxd2 cxd4 9. Nxd4 Nge7 10. Bb5 a6 11. Bxc6+ bxc6 12. O-O c5 13. N4f3 Nc6 14.
Nb3 c4 15. Nbd4 Bd7 16. Rab1 Be7 17. Ne2 O-O 18. Bd4 Rfb8 19. Nd2 Bd8 20. f4
Bc7 21. h4 a5 22. g4 g6 23. Kg2 a4 24. Kh3 a3 25. Bc5 Rb2 26. Rfd1 Rxa2 27. Nc1
Rb2 28. Ra1 Bb6 29. Bxa3 Rc2 30. Ra2 Rxa2 31. Nxa2 Rxa3 32. Nb4 Rxc3+ 33. Kg2
Nxb4 34. h5 gxh5 35. gxh5 Nd3 36. Nf3 Nf2 37. Ne1 Nxd1 0-1

[Event "Tournoi francophone 001E"]
[Site "Skype"]
[Date "????.??.??"]
[Round "1.3"]
[White "Douichi, Mohammed"]
[Black "Bousbia, Amine"]
[Result "1/2-1/2"]
[WhiteElo "1176"]
[BlackElo "1000"]
[PlyCount "47"]

1. c4 d5 2. e4 Nf6 3. Nc3 g6 4. d4 Bg7 5. Nf3 O-O 6. e5 c5 7. exf6 exf6 8. Be3
f5 9. Be2 Re8 10. O-O cxd4 11. Bxd4 Bxd4 12. Qxd4 Nc6 13. Qd1 Qf6 14. Re1 Be6
15. Qb3 Nd4 16. Nxd4 Qxd4 17. Rad1 Qb6 18. Nb5 dxc4 19. Bxc4 Rad8 20. Rxd8 Rxd8
21. Rf1 Re8 22. Rd1 Rd8 23. Rxd8+ Qxd8 24. Nxa7 1/2-1/2

[Event "Tournoi francophone 001E"]
[Site "Skype"]
[Date "????.??.??"]
[Round "1.4"]
[White "Gagnon, Sindy"]
[Black "Martin, Elise"]
[Result "1-0"]
[WhiteElo "1000"]
[BlackElo "1114"]
[PlyCount "65"]

1. e4 e5 2. Nc3 Nf6 3. Nf3 d6 4. Bc4 Nc6 5. O-O Nxe4 6. Nxe4 Bg4 7. Qe1 d5 8.
Bxd5 Qxd5 9. Nc3 Bxf3 10. Nxd5 Rd8 11. Nc3 Rd6 12. gxf3 Rg6+ 13. Kh1 Bd6 14.
Qe4 O-O 15. Nd5 Re8 16. c4 Ree6 17. b4 Rh6 18. c5 Be7 19. b5 Rh5 20. bxc6 bxc6
21. Nxe7+ Rxe7 22. Rb1 Re8 23. Rb7 g6 24. Qxc6 Rf8 25. Rxa7 Kg7 26. Qxc7 Rh3
27. Qxe5+ Kh6 28. d3+ g5 29. Rg1 Rg8 30. Rxf7 Rh8 31. Qxh8 Kg6 32. Qf6+ Kh5 33.
Qxg5# 1-0

[Event "Tournoi francophone 001E"]
[Site "Skype"]
[Date "????.??.??"]
[Round "1.5"]
[White "Kruk, Clementine"]
[Black "Letourneau, Judith"]
[Result "1-0"]
[WhiteElo "1107"]
[BlackElo "1000"]
[PlyCount "39"]

1. e4 e6 2. d4 d5 3. e5 Bb4+ 4. Bd2 Bd6 5. exd6 cxd6 6. Nc3 Nf6 7. Nf3 O-O 8.
Bg5 h6 9. Bh4 Nc6 10. Ne2 b6 11. Nf4 Ne4 12. Bxd8 Rxd8 13. Qe2 Nc5 14. dxc5
bxc5 15. O-O-O Rb8 16. b3 c4 17. Nd2 Ba6 18. Qg4 e5 19. Nh5 Nb4 20. Qxg7# 1-0

[Event "Tournoi francophone 001E"]
[Site "Skype"]
[Date "????.??.??"]
[Round "1.6"]
[White "Morin, Claude"]
[Black "Farthouat, Catherine"]
[Result "0-1"]
[WhiteElo "1000"]
[BlackElo "1071"]
[PlyCount "50"]

1. e4 e5 2. Nf3 Nc6 3. c3 Nf6 4. d3 Be7 5. Nbd2 d6 6. h3 O-O 7. Be2 h6 8. b3 b6
9. d4 Bb7 10. Bc4 Na5 11. dxe5 dxe5 12. Nxe5 Nxe4 13. Ndf3 Qd6 14. Nxf7 Qxd1+
15. Kxd1 Nxc4 16. bxc4 Rxf7 17. Ke1 Nxc3 18. Bb2 Bf6 19. Rc1 Nxa2 20. Rc2 Nb4
21. Rc3 Bxc3+ 22. Bxc3 Nd3+ 23. Kf1 Bxf3 24. gxf3 Rxf3 25. Rg1 Rxf2# 0-1

[Event "Tournoi francophone 001E"]
[Site "Skype"]
[Date "????.??.??"]
[Round "1.8"]
[White "Sahrane, Juba"]
[Black "Rival, Jocelyn"]
[Result "1-0"]
[WhiteElo "1000"]
[BlackElo "1040"]
[PlyCount "53"]

1. d4 d5 2. Nc3 Nf6 3. Nf3 Bg4 4. e3 e6 5. g3 Bb4 6. Bg2 Nc6 7. O-O O-O 8. b3
Re8 9. Bb2 Qe7 10. Qe2 Rad8 11. Rfe1 Bxc3 12. Bxc3 Ne4 13. Bb2 e5 14. Nxe5 Nxe5
15. dxe5 Qxe5 16. Bxe5 Rxe5 17. Bxe4 Rxe4 18. f3 Rb4 19. fxg4 Re4 20. Rad1 Rde8
21. Qd2 c6 22. c4 R8e5 23. cxd5 cxd5 24. Qa5 b6 25. Qxa7 Rxg4 26. Qb8+ Re8 27.
Qxe8# 1-0

[Event "Tournoi francophone 001E"]
[Site "Skype"]
[Date "????.??.??"]
[Round "2.1"]
[White "Lemoine, Gerard"]
[Black "Talbot, Jean"]
[Result "1-0"]
[WhiteElo "1178"]
[BlackElo "1041"]
[PlyCount "35"]

1. d4 d5 2. c4 dxc4 3. e4 Nf6 4. Nc3 e6 5. Bxc4 Be7 6. Nf3 Nc6 7. Bg5 h6 8.
Bxf6 Nxd4 9. Bxe7 Qxe7 10. Nxd4 O-O 11. O-O Qb4 12. Qe2 e5 13. Ndb5 c6 14. Nd5
Qc5 15. Nbc7 Rb8 16. Nc3 Rd8 17. Na4 Rd4 18. Nxc5 1-0

[Event "Tournoi francophone 001E"]
[Site "Skype"]
[Date "????.??.??"]
[Round "2.2"]
[White "Moumtaz, Abderrahim"]
[Black "Kruk, Clementine"]
[Result "0-1"]
[WhiteElo "1018"]
[BlackElo "1107"]
[PlyCount "102"]

1. e4 e5 2. Nf3 Nc6 3. Bc4 Bc5 4. Nc3 Nf6 5. O-O d6 6. a3 Bb6 7. d3 h6 8. h3
Be6 9. Bb5 a6 10. Bxc6+ bxc6 11. d4 Bc4 12. Re1 O-O 13. Be3 c5 14. b3 Ba5 15.
Rc1 Bxc3 16. Bd2 Bb2 17. Rb1 Bxd4 18. bxc4 Rb8 19. Rxb8 Qxb8 20. c3 Bxf2+ 21.
Kxf2 Qb2 22. a4 c6 23. Kg1 Qb8 24. Be3 Nxe4 25. Qc2 d5 26. cxd5 cxd5 27. Bxc5
Nxc5 28. Nxe5 Re8 29. Qf5 f6 30. Qh5 Rxe5 31. Qd1 Qd6 32. c4 Nxa4 33. cxd5 Qxd5
34. Qxd5+ Rxd5 35. Re8+ Kf7 36. Re1 Re5 37. Rc1 Rc5 38. Rd1 Nc3 39. Rd2 a5 40.
Kf1 Ne4 41. Rd1 Ng3+ 42. Ke1 Rc2 43. Rd7+ Kg6 44. Kd1 Rc5 45. Rd3 Ne4 46. Re3
Nc3+ 47. Kd2 Nd5 48. Rd3 Nb4 49. Rc3 Rb5 50. Kc1 Na2+ 51. Kc2 Nxc3 0-1

[Event "Tournoi francophone 001E"]
[Site "Skype"]
[Date "????.??.??"]
[Round "2.3"]
[White "Farthouat, Catherine"]
[Black "Gagnon, Sindy"]
[Result "1-0"]
[WhiteElo "1071"]
[BlackElo "1000"]
[PlyCount "85"]

1. e4 e5 2. Nf3 Nf6 3. Bc4 Nc6 4. O-O Be7 5. Nc3 O-O 6. a3 b6 7. d3 Na5 8. Bb5
a6 9. Bc4 d6 10. Bg5 Bg4 11. h3 Bh5 12. Bxf6 Bxf6 13. Nd5 b5 14. Ba2 Qc8 15.
Nxf6+ gxf6 16. b4 Nc6 17. Bd5 Qb7 18. Bxc6 Qxc6 19. Rc1 a5 20. c4 bxc4 21. dxc4
axb4 22. axb4 Qxe4 23. Re1 Qf5 24. c5 Kh8 25. cxd6 cxd6 26. b5 e4 27. Nd4 Qg5
28. f4 exf3 29. Nxf3 Qg3 30. Qe2 Ra4 31. Qf2 Qg6 32. b6 d5 33. b7 d4 34. Rc8
Rg8 35. Nh4 Qd3 36. Nf5 Ra7 37. b8=Q h6 38. Rxg8+ Kh7 39. Rf8 Kg6 40. Qxa7 Qc3
41. Qxf7+ Kg5 42. Qg3+ Bg4 43. Qxg4# 1-0

[Event "Tournoi francophone 001E"]
[Site "Skype"]
[Date "????.??.??"]
[Round "2.4"]
[White "Bousbia, Amine"]
[Black "Sahrane, Juba"]
[Result "1-0"]
[WhiteElo "1000"]
[BlackElo "1000"]
[PlyCount "55"]

1. e4 Nc6 2. Nc3 e5 3. Nf3 d6 4. Bb5 Bd7 5. O-O a6 6. Ba4 Nf6 7. h3 b5 8. Bb3
Be7 9. d3 O-O 10. Ne2 h6 11. c3 Na5 12. Be3 c5 13. Bd5 Nxd5 14. exd5 Re8 15. b4
Nb7 16. bxc5 Nxc5 17. c4 e4 18. Nfd4 exd3 19. Nf4 g6 20. Rc1 Ne4 21. Qxd3 Nc5
22. Qd2 Bg5 23. Rfe1 Bxf4 24. Bxf4 Ne4 25. Qb2 Qa5 26. Bxh6 Rac8 27. Nb3 Qb6
28. Qg7# 1-0

[Event "Tournoi francophone 001E"]
[Site "Skype"]
[Date "????.??.??"]
[Round "2.5"]
[White "Martin, Elise"]
[Black "Douichi, Mohammed"]
[Result "0-1"]
[WhiteElo "1114"]
[BlackElo "1176"]
[PlyCount "62"]

1. e4 e5 2. Nf3 Nc6 3. Bc4 d6 4. c3 Nf6 5. d3 Be7 6. Bg5 O-O 7. O-O Ng4 8. h3
Bxg5 9. hxg4 Bxg4 10. Nbd2 Bf6 11. d4 exd4 12. cxd4 Bxd4 13. Rb1 Ne5 14. Be2
Bb6 15. Qb3 Be6 16. Qc2 Ng4 17. Ng5 Bxf2+ 18. Rxf2 Nxf2 19. Kxf2 Qxg5 20. Nf3
Qf6 21. Qxc7 Bxa2 22. Rc1 Rac8 23. Qa5 Rxc1 24. Qxa2 a6 25. Qa3 Qe6 26. b4 Rc2
27. Qa4 Qxe4 28. Qb3 Re8 29. Ng5 Rxe2+ 30. Kg3 Rxg2+ 31. Kh3 Qg4# 0-1

[Event "Tournoi francophone 001E"]
[Site "Skype"]
[Date "????.??.??"]
[Round "2.6"]
[White "Letourneau, Judith"]
[Black "Bustos, Ricardo"]
[Result "0-1"]
[WhiteElo "1000"]
[BlackElo "1197"]
[PlyCount "66"]

1. e4 c5 2. Nf3 e6 3. d4 cxd4 4. Nxd4 Nf6 5. g4 a6 6. Bd3 Bc5 7. Nb3 O-O 8.
Nxc5 Qa5+ 9. Kf1 Qxc5 10. Bg5 h6 11. Bf4 Nc6 12. e5 Nxe5 13. Be2 Ng6 14. Bg3 d5
15. c3 a5 16. b4 axb4 17. cxb4 Qxb4 18. a3 Qc5 19. Nd2 b5 20. Nb3 Qc6 21. Qd2
Ba6 22. f4 b4 23. axb4 Bxe2+ 24. Kg1 Bxg4 25. Re1 Ne4 26. Nd4 Qb6 27. Qd3 Nxg3
28. hxg3 e5 29. fxe5 Ra4 30. Qc3 Rxb4 31. Qxb4 Qxb4 32. Rc1 Qxd4+ 33. Kh2 Qf2#
0-1

[Event "Tournoi francophone 001E"]
[Site "Skype"]
[Date "????.??.??"]
[Round "2.7"]
[White "Rival, Jocelyn"]
[Black "Morin, Claude"]
[Result "1-0"]
[WhiteElo "1040"]
[BlackElo "1000"]
[PlyCount "99"]

1. e4 e5 2. Nf3 Nc6 3. Bc4 d6 4. d3 Be7 5. Nfd2 Nf6 6. O-O Nd4 7. c3 Nc6 8. Bb5
O-O 9. Bxc6 bxc6 10. Qb3 Ba6 11. d4 Bd3 12. Re1 Rb8 13. Qd1 Qd7 14. Re3 Bxb1
15. Nxb1 Ng4 16. Rg3 h5 17. h3 h4 18. hxg4 hxg3 19. f3 Qe6 20. b3 d5 21. Be3
dxe4 22. Qf1 Qg6 23. Nd2 Bg5 24. Qe1 exf3 25. Nf1 Bh4 26. dxe5 fxg2 27. Bxa7
Rb7 28. Bc5 gxf1=Q+ 29. Qxf1 g2 30. Qxg2 Qf6 31. exf6 gxf6 32. Qxc6 Rb6 33.
Bxb6 cxb6 34. Qxb6 Rc8 35. c4 Rd8 36. a4 Rd3 37. Qb8+ Kg7 38. b4 Rf3 39. Rd1
Bf2+ 40. Kg2 Re3 41. Kxf2 Rh3 42. a5 Rh4 43. Qg3 Rh6 44. g5 Rh8 45. gxf6+ Kxf6
46. Rd6+ Ke7 47. a6 Rb8 48. a7 f6 49. axb8=R f5 50. Qg7+ 1-0

[Event "Tournoi francophone 001E"]
[Site "Skype"]
[Date "????.??.??"]
[Round "3.1"]
[White "Kruk, Clementine"]
[Black "Lemoine, Gerard"]
[Result "0-1"]
[WhiteElo "1107"]
[BlackElo "1178"]
[PlyCount "72"]

1. e4 e6 2. d4 d5 3. e5 c5 4. Nf3 Nc6 5. Bb5 Qb6 6. Qd3 a6 7. Ba4 Bd7 8. Bxc6
Bxc6 9. Nc3 Ne7 10. b3 Nf5 11. Be3 Nxe3 12. fxe3 Qa5 13. Rd1 Bb5 14. Qd2 c4 15.
O-O Bb4 16. a4 Bxc3 17. Qf2 Bd7 18. Ng5 O-O 19. Qg3 b5 20. Nxf7 Rxf7 21. Rf3
bxa4 22. Rdf1 Raf8 23. Qh3 Be8 24. Qh5 Rf5 25. Rxf5 exf5 26. Qh4 Bg6 27. e6 Rf6
28. Qf4 Rxe6 29. Qb8+ Re8 30. Qa7 Bd2 31. e4 Be3+ 32. Kh1 Rxe4 33. Qd7 Re5 34.
dxe5 Bc5 35. Rxf5 Qe1+ 36. Rf1 Qxf1# 0-1

[Event "Tournoi francophone 001E"]
[Site "Skype"]
[Date "????.??.??"]
[Round "3.2"]
[White "Douichi, Mohammed"]
[Black "Farthouat, Catherine"]
[Result "1-0"]
[WhiteElo "1176"]
[BlackElo "1071"]
[PlyCount "55"]

1. c4 Nf6 2. Nc3 g6 3. d4 Bg7 4. e4 d6 5. Bd3 e5 6. d5 O-O 7. h3 Na6 8. a3 Nc5
9. Bc2 a6 10. Nf3 b5 11. b4 Bb7 12. bxc5 dxc5 13. Bd3 Rb8 14. Be3 Nd7 15. O-O
Qf6 16. a4 b4 17. Nb5 axb5 18. axb5 Nb6 19. Bg5 Qd6 20. Ra7 Rfd8 21. Bxd8 Rxd8
22. Rxb7 Ra8 23. Nh4 Ra3 24. Rb8+ Bf8 25. Re8 b3 26. Qg4 h5 27. Qg5 Kg7 28.
Nf5+ 1-0

[Event "Tournoi francophone 001E"]
[Site "Skype"]
[Date "????.??.??"]
[Round "3.3"]
[White "Bustos, Ricardo"]
[Black "Bousbia, Amine"]
[Result "1/2-1/2"]
[WhiteElo "1197"]
[BlackElo "1000"]
[PlyCount "118"]

1. d4 d5 2. Nf3 c6 3. c4 Nf6 4. Nc3 g6 5. b3 Bg7 6. Bb2 O-O 7. e3 a6 8. cxd5
cxd5 9. Rc1 Qa5 10. Qd2 Nc6 11. a3 Ne4 12. Nxe4 dxe4 13. Qxa5 Nxa5 14. Nd2 Be6
15. b4 Nb3 16. Nxb3 Bxb3 17. Be2 Rac8 18. O-O Rfd8 19. Rc3 Rxc3 20. Bxc3 Rc8
21. Rc1 e5 22. Bb2 Rxc1+ 23. Bxc1 exd4 24. exd4 Bxd4 25. Be3 Be5 26. f4 Bb2 27.
b5 Bc2 28. Bc5 a5 29. b6 Bc1 30. g3 e3 31. Kf1 Be4 32. Ke1 Bd2+ 33. Kd1 f6 34.
Bd4 Kg7 35. Bb2 Bf5 36. Bc1 Bxc1 37. Kxc1 Be4 38. Kd1 g5 39. fxg5 f5 40. Ke1 h6
41. gxh6+ Kxh6 42. Kf1 Bd5 43. Ke1 Kg5 44. Kd1 Bf7 45. Kc1 Bh5 46. Bxh5 Kxh5
47. Kd1 Kg4 48. Ke2 f4 49. gxf4 Kxf4 50. h4 Ke4 51. h5 Kf5 52. h6 Kg6 53. h7
Kxh7 54. Kxe3 Kg6 55. Kd4 Kf5 56. Kc5 Ke4 57. Kb5 Kd5 58. Kxa5 Kc6 59. a4 Kc5
1/2-1/2

[Event "Tournoi francophone 001E"]
[Site "Skype"]
[Date "????.??.??"]
[Round "3.4"]
[White "Talbot, Jean"]
[Black "Rival, Jocelyn"]
[Result "1-0"]
[WhiteElo "1041"]
[BlackElo "1040"]
[PlyCount "31"]

1. e4 e5 2. Nf3 Nc6 3. Bc4 Qe7 4. O-O d6 5. d3 Bg4 6. h3 Be6 7. Bxe6 Qxe6 8.
Ng5 Qg6 9. Re1 Be7 10. Qg4 Nf6 11. Qf5 Qh6 12. Nxf7 Kxf7 13. Bxh6 gxh6 14. Nc3
Rad8 15. Nd5 Bf8 16. Qxf6+ 1-0

[Event "Tournoi francophone 001E"]
[Site "Skype"]
[Date "????.??.??"]
[Round "3.5"]
[White "Sahrane, Juba"]
[Black "Moumtaz, Abderrahim"]
[Result "0-1"]
[WhiteElo "1000"]
[BlackElo "1018"]
[PlyCount "104"]

1. d4 d5 2. Nc3 Nf6 3. Nf3 Nc6 4. e3 e6 5. g3 Bd6 6. Bg2 b6 7. b3 Bb7 8. Bb2
O-O 9. O-O Re8 10. Re1 a5 11. Qe2 Qe7 12. Rad1 Bb4 13. a3 Bxa3 14. Bxa3 Qxa3
15. e4 Qe7 16. Ng5 Nxd4 17. Rxd4 dxe4 18. Ngxe4 Bxe4 19. Nxe4 Nxe4 20. Bxe4
Rad8 21. Rxd8 Rxd8 22. Qh5 f5 23. Bc6 Qf6 24. Rd1 Rxd1+ 25. Qxd1 g6 26. Qd8+
Qxd8 27. c4 Qd1+ 28. Kg2 Qxb3 29. Bb5 a4 30. Bd7 Qxc4 31. Bxa4 Qxa4 32. h4 e5
33. f3 Qa2+ 34. Kg1 Qb1+ 35. Kg2 e4 36. g4 fxg4 37. fxg4 e3 38. Kf3 e2 39. Kxe2
Qe4+ 40. Kd2 Qxg4 41. Kc3 Qxh4 42. Kb3 c5 43. Kc2 Qh2+ 44. Kb3 Qg3+ 45. Ka4 c4
46. Kb5 c3 47. Kxb6 c2 48. Kc6 c1=Q+ 49. Kd7 Qcc7+ 50. Ke8 Qc8+ 51. Ke7 Qd3 52.
Kf6 Qcd8+ 0-1

[Event "Tournoi francophone 001E"]
[Site "Skype"]
[Date "????.??.??"]
[Round "3.6"]
[White "Gagnon, Sindy"]
[Black "Bouffard, Georges"]
[Result "1-0"]
[WhiteElo "1000"]
[BlackElo "1000"]
[PlyCount "47"]

1. d4 d5 2. Nf3 Nc6 3. e3 a6 4. Bd3 e6 5. O-O Nf6 6. b3 Be7 7. Bb2 Bd7 8. c3
Bc5 9. dxc5 O-O 10. Qc2 g6 11. Nbd2 Be8 12. c4 d4 13. exd4 Nxd4 14. Nxd4 Bc6
15. N2f3 Ne4 16. b4 e5 17. Nxe5 f5 18. f3 Ng5 19. Qf2 f4 20. Ndxc6 bxc6 21.
Nxc6 Qxd3 22. Rfe1 Qxc4 23. Ne5 Qf7 24. Nxf7 1-0

[Event "Tournoi francophone 001E"]
[Site "Skype"]
[Date "????.??.??"]
[Round "4.1"]
[White "Lemoine, Gerard"]
[Black "Douichi, Mohammed"]
[Result "1-0"]
[WhiteElo "1178"]
[BlackElo "1176"]
[PlyCount "93"]

1. d4 d5 2. c4 c6 3. Nf3 Nd7 4. Bg5 dxc4 5. Nc3 h6 6. Bh4 Qc7 7. e3 b5 8. e4 e6
9. e5 Be7 10. Bg3 Bb4 11. Qd2 Ne7 12. a3 Ba5 13. b4 Bb6 14. a4 c5 15. Nxb5 Qc6
16. Bxc4 Qe4+ 17. Be2 cxd4 18. a5 Ba6 19. Nd6+ Kd8 20. Nxe4 Nd5 21. Nd6 d3 22.
Nxf7+ Ke7 23. axb6 N7xb6 24. Rxa6 Kxf7 25. Bxd3 Rhc8 26. O-O Rc3 27. b5 Nc7 28.
Qxc3 Nbd5 29. Qb2 Nxa6 30. bxa6 Nb6 31. Nh4 Rb8 32. Bg6+ Ke7 33. Qb4+ Kd7 34.
Qd6+ Kc8 35. Qxe6+ Nd7 36. Qc4+ Kd8 37. Rd1 Rb6 38. Qg8+ Kc7 39. e6+ Ne5 40.
Qd8+ Kc6 41. Be8+ Kc5 42. Rd5+ Kc4 43. Bxe5 Rb1+ 44. Rd1 Rb3 45. Qd5+ Kb4 46.
Qb5+ Ka3 47. Ra1# 1-0

[Event "Tournoi francophone 001E"]
[Site "Skype"]
[Date "????.??.??"]
[Round "4.2"]
[White "Bousbia, Amine"]
[Black "Kruk, Clementine"]
[Result "1-0"]
[WhiteElo "1000"]
[BlackElo "1107"]
[PlyCount "107"]

1. f4 d5 2. e3 Nf6 3. d3 Bf5 4. Be2 e6 5. c4 c6 6. Nc3 Bb4 7. Qb3 c5 8. Nf3 Nc6
9. O-O O-O 10. cxd5 exd5 11. h3 Qd7 12. Ne5 Qe6 13. Nb5 Rac8 14. a3 c4 15. dxc4
dxc4 16. Bxc4 Na5 17. Bxe6 Nxb3 18. Bxb3 Ba5 19. Nd6 Rc7 20. Nxf5 g6 21. Bxf7+
Kh8 22. Nd6 Rfxf7 23. Nexf7+ Rxf7 24. Nxf7+ Kg7 25. Ng5 h6 26. Ne6+ Kf7 27. Nc5
b6 28. Nb7 Ne4 29. Nxa5 bxa5 30. Rd1 g5 31. fxg5 hxg5 32. Rf1+ Ke6 33. b3 Nc5
34. b4 Nb3 35. Bb2 Nxa1 36. Bxa1 a4 37. g4 Kd5 38. Rd1+ Kc4 39. e4 Kb3 40. Bh8
Kxa3 41. e5 Kxb4 42. e6 Kb3 43. e7 a3 44. e8=Q Kc2 45. Qd8 a2 46. Qd2+ Kb3 47.
Qb2+ Kc4 48. Qxa2+ Kb4 49. Rc1 Kb5 50. Qd5+ Kb4 51. Qc4+ Ka3 52. Qc6 Kb3 53.
Rb1+ Ka3 54. Qa6# 1-0

[Event "Tournoi francophone 001E"]
[Site "Skype"]
[Date "????.??.??"]
[Round "4.3"]
[White "Farthouat, Catherine"]
[Black "Talbot, Jean"]
[Result "0-1"]
[WhiteElo "1071"]
[BlackElo "1041"]
[PlyCount "72"]

1. e4 e5 2. Nf3 Nc6 3. Bb5 a6 4. Bxc6 bxc6 5. Nxe5 Bd6 6. Nf3 Ne7 7. O-O O-O 8.
Re1 Re8 9. d4 Rb8 10. c4 Bb4 11. Bd2 d5 12. cxd5 cxd5 13. e5 Bg4 14. Bxb4 Rxb4
15. b3 Nf5 16. Nbd2 Nxd4 17. h3 Bxf3 18. Nxf3 Nxf3+ 19. Qxf3 d4 20. Rac1 d3 21.
Rcd1 f5 22. Qxf5 Rf8 23. Qg4 Rxg4 24. hxg4 Qd4 25. e6 Qxf2+ 26. Kh2 Qf4+ 27. g3
Qf2+ 28. Kh3 d2 29. Rf1 Qxf1+ 30. Rxf1 Rxf1 31. e7 Kf7 32. Kg2 d1=Q 33. g5 Qe2+
34. Kh3 Qe6+ 35. Kg2 Qe2+ 36. Kh3 Rh1# 0-1

[Event "Tournoi francophone 001E"]
[Site "Skype"]
[Date "????.??.??"]
[Round "4.4"]
[White "Moumtaz, Abderrahim"]
[Black "Gagnon, Sindy"]
[Result "1-0"]
[WhiteElo "1018"]
[BlackElo "1000"]
[PlyCount "27"]

1. e4 e5 2. Nf3 Nf6 3. Nc3 Nc6 4. d4 d5 5. dxe5 Ng4 6. Bb5 Bc5 7. Be3 O-O 8.
Bxc5 Re8 9. Nxd5 b6 10. Bxc6 Rb8 11. Bxe8 Qxe8 12. Nxc7 Qb5 13. Nxb5 bxc5 14.
Qd8# 1-0

[Event "Tournoi francophone 001E"]
[Site "Skype"]
[Date "????.??.??"]
[Round "4.5"]
[White "Rival, Jocelyn"]
[Black "Bustos, Ricardo"]
[Result "0-1"]
[WhiteElo "1040"]
[BlackElo "1197"]
[PlyCount "58"]

1. e4 c5 2. c4 d6 3. Nc3 e6 4. g3 a6 5. Bg2 e5 6. Nf3 Nf6 7. d3 h6 8. O-O Be7
9. Nd5 Nxd5 10. exd5 O-O 11. Be3 Nd7 12. b3 b6 13. h3 Nf6 14. Qd2 Bb7 15. g4
Nh7 16. a3 Rc8 17. b4 Re8 18. Rab1 Ba8 19. bxc5 bxc5 20. Rb2 Qc7 21. Rfb1 Rb8
22. d4 exd4 23. Nxd4 cxd4 24. Qxd4 Bf6 25. Qf4 Bxb2 26. Be4 Nf6 27. Bd3 Be5 28.
Qf3 Rxb1+ 29. Bf1 Qxc4 0-1

[Event "Tournoi francophone 001E"]
[Site "Skype"]
[Date "????.??.??"]
[Round "4.6"]
[White "Morin, Claude"]
[Black "Richmond, Aaron"]
[Result "1-0"]
[WhiteElo "1000"]
[BlackElo "1000"]
[PlyCount "55"]

1. e4 Nc6 2. Nf3 e6 3. Bc4 a6 4. d3 f6 5. O-O Bd6 6. d4 Qe7 7. Re1 b5 8. Bb3
Rb8 9. d5 exd5 10. exd5 Na5 11. Rxe7+ Nxe7 12. c3 Nc4 13. Nbd2 Nb6 14. Ne4
Bxh2+ 15. Nxh2 b4 16. d6 cxd6 17. Nxd6+ Kf8 18. Bf4 bxc3 19. bxc3 h6 20. Nf7
Rh7 21. Bxb8 g5 22. Bd6 Rxf7 23. Qe2 Rh7 24. Re1 g4 25. Nxg4 Rg7 26. Nxf6 Bb7
27. Bxe7+ Rxe7 28. Qxe7# 1-0

[Event "Tournoi francophone 001E"]
[Site "Skype"]
[Date "????.??.??"]
[Round "4.7"]
[White "Letourneau, Judith"]
[Black "Sahrane, Juba"]
[Result "0-1"]
[WhiteElo "1000"]
[BlackElo "1000"]
[PlyCount "66"]

1. e4 Nc6 2. Nf3 d6 3. d4 e6 4. Bd3 Nf6 5. O-O Be7 6. Nc3 O-O 7. e5 dxe5 8.
dxe5 Nd5 9. Nb5 Bd7 10. a4 Ncb4 11. Bc4 Bxb5 12. Bxb5 c6 13. Bc4 Re8 14. Bd2 a6
15. a5 b5 16. b3 bxc4 17. bxc4 Nc7 18. Rb1 Rb8 19. c3 Nd3 20. Rxb8 Qxb8 21. Nh4
Bxh4 22. f4 Rd8 23. Be3 g6 24. Qg4 Be7 25. c5 Bxc5 26. Bxc5 Nxc5 27. Qh4 Qa7
28. g4 Nd3+ 29. Kh1 Nf2+ 30. Kg2 Qe3 31. Rxf2 Rd2 32. f5 Qe4+ 33. Kf1 Rd1# 0-1

[Event "Tournoi francophone 001E"]
[Site "Skype"]
[Date "????.??.??"]
[Round "4.8"]
[White "Bouffard, Georges"]
[Black "Martin, Elise"]
[Result "1-0"]
[WhiteElo "1000"]
[BlackElo "1114"]
[PlyCount "75"]

1. g3 d5 2. d4 Nf6 3. Nc3 b6 4. Bg2 Bb7 5. Nf3 e6 6. Bg5 Be7 7. Qd2 O-O 8. h4
h6 9. Bf4 Nh5 10. Be5 Nd7 11. g4 Nhf6 12. g5 Nxe5 13. dxe5 Nd7 14. gxh6 g6 15.
Bh3 Bc5 16. e3 d4 17. exd4 Bxf3 18. Rg1 Bb4 19. a3 Be7 20. Qd3 Bh5 21. Bg4 Bxg4
22. Rxg4 Nxe5 23. dxe5 Qxd3 24. cxd3 Rad8 25. d4 Rd7 26. Nb5 a6 27. Nc3 Rfd8
28. O-O-O Rf8 29. Ne2 f5 30. Rxg6+ Kh7 31. Rdg1 Bxh4 32. Rxe6 Bxf2 33. Rg7+ Kh8
34. Rxd7 Rg8 35. Kc2 Bh4 36. h7 Rg2 37. Re8+ Rg8 38. Rxg8# 1-0

[Event "Tournoi francophone 001E"]
[Site "Skype"]
[Date "????.??.??"]
[Round "5.1"]
[White "Moumtaz, Abderrahim"]
[Black "Lemoine, Gerard"]
[Result "1-0"]
[WhiteElo "1018"]
[BlackElo "1178"]
[PlyCount "113"]

1. e4 e6 2. d4 d5 3. Nc3 c5 4. Be3 Nc6 5. Nf3 Qb6 6. Bb5 Bd7 7. O-O Nb4 8.
Bxd7+ Kxd7 9. Ne5+ Kc7 10. Nxf7 cxd4 11. Bxd4 Bc5 12. Ne2 dxe4 13. Nxh8 Rd8 14.
Be5+ Bd6 15. Nf7 Rd7 16. Bxd6+ Kc8 17. Qd4 Rxf7 18. Qxb6 axb6 19. Bxb4 Rc7 20.
Nd4 e5 21. Bd6 Rd7 22. Bxe5 Nf6 23. Nb5 Rd5 24. Na7+ Kd8 25. Bxf6+ gxf6 26.
Rfe1 Ra5 27. Red1+ Ke7 28. Nc8+ Ke6 29. Rd6+ Ke5 30. Rxb6 Rc5 31. Rc1 Rxc8 32.
Rxb7 f5 33. Re7+ Kf6 34. Rxh7 Kg6 35. Rh3 Kg5 36. a4 Kf4 37. Rh4+ Ke5 38. a5 f4
39. Rh3 Rf8 40. a6 Kd4 41. Rd1+ Kc4 42. a7 Kb5 43. Rd7 f3 44. Rb7+ Kc6 45. Rb8
Rd8 46. a8=Q+ Kc5 47. Rxd8 Kc4 48. Qxe4+ Kc5 49. Rxf3 Kb5 50. Qd5+ Kb6 51. Rc3
Ka6 52. Ra8+ Kb6 53. Rb3+ Kc7 54. Qd8+ Kc6 55. Rb6+ Kc5 56. Ra5+ Kc4 57. Qd5#
1-0

[Event "Tournoi francophone 001E"]
[Site "Skype"]
[Date "????.??.??"]
[Round "5.2"]
[White "Talbot, Jean"]
[Black "Bousbia, Amine"]
[Result "0-1"]
[WhiteElo "1041"]
[BlackElo "1000"]
[PlyCount "50"]

1. e4 d6 2. d4 Nf6 3. Nc3 g6 4. Nf3 Bg7 5. Be3 O-O 6. Bc4 Nc6 7. O-O Na5 8. b3
Nxc4 9. bxc4 a6 10. e5 b5 11. exf6 Bxf6 12. h3 bxc4 13. Nd5 Bg7 14. Bg5 f6 15.
Bh4 c6 16. Nf4 g5 17. g3 gxf4 18. gxf4 Bxh3 19. Re1 Qd7 20. Qe2 d5 21. Rab1
Rab8 22. a4 Bh6 23. Qe3 Rxb1 24. Rxb1 Qf5 25. Qxe7 Qg4+ 0-1

[Event "Tournoi francophone 001E"]
[Site "Skype"]
[Date "????.??.??"]
[Round "5.3"]
[White "Douichi, Mohammed"]
[Black "Kruk, Clementine"]
[Result "1-0"]
[WhiteElo "1176"]
[BlackElo "1107"]
[PlyCount "69"]

1. e4 e5 2. c4 Nf6 3. Nc3 Bc5 4. Nf3 Nc6 5. Bd3 d6 6. O-O Bg4 7. h3 Bh5 8. Nd5
Nxd5 9. exd5 Nd4 10. Qa4+ c6 11. Nxd4 Bxd4 12. Qc2 Bg6 13. Bxg6 hxg6 14. d3 Qe7
15. Qe2 O-O-O 16. Be3 Bxe3 17. Qxe3 c5 18. Rae1 Qh4 19. d4 f6 20. dxc5 dxc5 21.
Qxc5+ Kb8 22. d6 Qd4 23. Qc7+ Ka8 24. Rd1 Qxb2 25. a4 Qb4 26. Rb1 Rc8 27. Rxb4
Rxc7 28. dxc7 Rc8 29. Rd1 f5 30. Rd8 a5 31. Rxc8+ Ka7 32. Rb5 b6 33. Rb8 e4 34.
c8=Q e3 35. Qb7# 1-0